| 000 | 00420nam a22001457a 4500 | ||
|---|---|---|---|
| 008 | 250106b |||||||| |||| 00| 0 eng d | ||
| 020 | _a9780070077935 | ||
| 050 |
_aHD69 _b.C43 |
||
| 100 | _aCHANDRA, Prasanna | ||
| 245 | _aProjects Planning, Anal;ysis, Selective, Financing, Implementation and Review | ||
| 250 | _a7th | ||
| 260 |
_aNew Delhi _bTata MacGrow Hill Education _c2009 |
||
| 300 | _axxi, 23.22p. | ||
| 942 | _cBK | ||
| 999 |
_c1874 _d1874 |
||